000
00322pam a2200133a 44500
008
230405s2021 xxu||||| |||| 00| 0 eng d
041
_a
ENG
100
_a
DR RAGEEB USMAN
245
_a
A PRACTICAL BOOK OF PHARMACOGNOSY
250
_a
1
260
_a
NEW DELHI
_b
S VIKAS PUBLISHING
_c
2021
300
_a
45
906
_a
2919
999
_c
268358
_d
268358